000 00725nam a2200229Ia 4500
005 20191211101034.0
008 180910s9999 xx 000 0 und d
040 _aLB-BrCRDP
100 1 _aبدير، ريان سليم
245 1 0 _aسيكولوجية رسوم الأطفال
260 _aبيروت
_bدار الهادي
_c2007
300 _a168 pages
500 _aالنوع : كتاب
650 4 _aChildren Paintings
650 4 _aDessins des enfants
650 4 _aEducational Psychology
_9177
650 4 _aPsychopédagogie
_989
650 4 _aرسوم الاطفال
650 4 _aعلم النفس التربوي
856 _zShamaa
_uhttp://search.shamaa.org/FullRecord?ID=27412
942 _cLAESDATA
_2ddc
999 _c20329
_d20329